Model construction specification for asphalt concrete and other plant-mix types (Record no. 547733)

000 -LEADER
fixed length control field 00427nam a22001337a 4500
082 ## - DEWEY DECIMAL CLASSIFICATION NUMBER
Classification number 625.85
Author Mark MOD
-- Donated
100 ## - MAIN ENTRY--PERSONAL NAME
Personal name The Asphalt Institute
9 (RLIN) 20237
245 ## - TITLE STATEMENT
Title Model construction specification for asphalt concrete and other plant-mix types
Statement of responsibility, etc. The Asphalt Institute
260 ## - PUBLICATION, DISTRIBUTION, ETC.
Place of publication, distribution, etc. USA
Name of publisher, distributor, etc. The Asphalt Institute
Date of publication, distribution, etc. 1975
300 ## - PHYSICAL DESCRIPTION
Extent 60.p:
526 ## - STUDY PROGRAM INFORMATION NOTE
Program name 0
Interest level 0
Reading level 0
Title point value 625_850000000000000_MOD
650 ## - SUBJECT ADDED ENTRY--TOPICAL TERM
Topical term or geographic name entry element MCE
9 (RLIN) 379
942 ## - ADDED ENTRY ELEMENTS (KOHA)
Source of classification or shelving scheme
Koha item type Book
Holdings
Withdrawn status Lost status Source of classification or shelving scheme Damaged status Not for loan Permanent Location Current Location Date acquired Total Checkouts Full call number Barcode Date last seen Price effective from Koha item type
          Military College of Engineering (MCE) Military College of Engineering (MCE) 08/05/2014   625.85 MOD MCE-42557 08/05/2014 08/05/2014 Book
© 2023 Central Library, National University of Sciences and Technology. All Rights Reserved.